| 000 | 00758nam a2200217 a 4500 | ||
|---|---|---|---|
| 005 | 20240228064130.0 | ||
| 008 | 140520s2002 mx r 000 0 spa d | ||
| 020 | _a8484231089 | ||
| 035 | _aUPN01000197323 | ||
| 049 | _aI | ||
| 050 | 4 |
_aPZ36.3 _bM6.7 |
|
| 100 | 1 |
_aMoost, Nele, _d1952- _935520 |
|
| 245 | 1 | 1 |
_a¡Todo para mí! : _b10 trucos para enredar a los amigos / _cNele Moost ; il. Annet Rudolph, tr. Rita Schnitzer. |
| 260 |
_aEsslingen, Viena : _bElfos, _c2002. |
||
| 300 |
_a[26] p. : _bprincipalmente il. col. |
||
| 534 |
_pTítulo original: _tAlles meins! oder 10 tricks, wie man alles kriegen kann |
||
| 650 | 0 |
_aAnimales _vCuentos y leyendas _9234 |
|
| 650 | 4 |
_aLibros y lectura para niños _92290 |
|
| 905 | _aInfantil | ||
| 999 |
_c169424 _d169424 |
||